| 000 | 00659cam a22002411 4500 | ||
|---|---|---|---|
| 001 | sa 68003017 | ||
| 003 | DLC | ||
| 005 | 20260227112448.0 | ||
| 008 | 900301s1965 np d 000 0 nepo | ||
| 010 | _asa 68003017 | ||
| 035 | _a(OCoLC)21141659 | ||
| 040 |
_aDLC _cWaU _dDLC |
||
| 041 | 0 | _anepenghin | |
| 042 | _apremarc | ||
| 050 | 0 | 0 |
_aPL3801.N54 _bT8 1965 |
| 100 | 1 |
_aTuladhar, Sugat Dass, _d1924- |
|
| 245 | 1 | 0 | _aNepālabhāshā śabda-saṅgraha. |
| 260 | _c[1965] | ||
| 300 |
_a4, 85 p. _c21 cm. |
||
| 500 | _aEnglish, Hindi and Nepali. | ||
| 650 | 0 |
_aNewari language _xDictionaries _xPolyglot. |
|
| 650 | 0 |
_aNewari language _vTerms and phrases. |
|
| 999 |
_c79164 _d79164 |
||